000
00332nam a22001337a 4500
008
190201b xxu||||| |||| 00| 0 eng d
020
_a
1439086206
041
_a
eng
080
_a
371
100
_a
25
101
_a
EDU
245
_a
On Course. Strategies for Creating Success in College and in Life
_c
Downing, S
942
_2
udc
_c
BK
999
_c
53918
_d
53918